Click to Translate - Somali - Statistics

General Stats
  • This quiz has been taken 424 times
  • The average score is 8 of 20
Answer Stats
Hint Answer % Correct
Good morning Subax wanaagsan
73%
Book Buug
52%
Thank you Mahadsanid
44%
Mother Hooyo
43%
Today Maanta
42%
Us Anaga
41%
Water Biyo
40%
White Caddaan
40%
Tuesday Talaado
40%
Small Yar
40%
Answer Jawaab
38%
Teacher Macallin
37%
Cold Qabow
36%
Apple Tufaax
36%
Hand Gacan
35%
Here Halkan
34%
Where Halkee
34%
Snake Mas
32%
Moon Dayax
30%
Near Dhow
29%
No matching quizzes found
Score Distribution
Percent of People with Each Score
Percentile by Number Answered
Your Score History
You have not taken this quiz